Análisis de los procesos coagulación y floculación en planta potabilizadora de Los Sitios
Uloženo v:
| Hlavní autor: | |
|---|---|
| Médium: | Kniha |
| Vydáno: |
[San José , Costa Rica]
1984
|
| Témata: | |
| Tagy: |
Přidat tag
Žádné tagy, Buďte první, kdo vytvoří štítek k tomuto záznamu!
|
MARC
| LEADER | 00000nam a2200000Ia 4500 | ||
|---|---|---|---|
| 003 | 002594 | ||
| 005 | 20221231144407.0 | ||
| 008 | 140114s1984 cr a m 000 ||s d | ||
| 040 | |c cru CEDI | ||
| 090 | |a TFG 1574 | ||
| 100 | |a Herrera Cabezas, Fernando |9 14772 | ||
| 245 | |a Análisis de los procesos coagulación y floculación en planta potabilizadora de Los Sitios | ||
| 260 | |c 1984 |a [San José , Costa Rica] | ||
| 300 | |a 109 hojas : ilustraciones ; 28 cm | ||
| 500 | |a Proyecto de graduación (ingeniero civil)--Universidad de Costa Rica. Facultad de Ingeniería. Escuela de Ingeniería Civil | ||
| 650 | |x PLANTA POTABILIZADORA LOS SITIOS (MORAVIA, SAN JOSE, COSTA RICA) |x PURIFICACION DEL AGUA |9 14773 | ||
| 942 | |c TFG | ||
| 999 | |c 21230 |d 21230 | ||
